| 000 | 00000nas 2200000za 4500 |
| 001 | 9.843139 |
| 003 | CaOODSP |
| 005 | 20221107152456 |
| 007 | cr ||||||||||| |
| 008 | 150406d19962000oncar p oss f0 a0eng|d |
| 022 | |a1492-4056|y1912-9998 |
| 040 | |aCaOODSP|beng |
| 041 | |aeng|afre |
| 043 | |an-cn--- |
| 086 | 1 |aCS13-213-PDF |
| 086 | 1 |aCS13-213P-PDF |
| 130 | 0 |aProvincial economic accounts. |pAnnual estimates ... tables and analytical document (Online) |
| 222 | 0|aProvincial economic accounts. Annual estimates ... tables and analytical document |b(Online) |
| 245 | 10|aProvincial economic accounts. |pAnnual estimates ... tables and analytical document |h[electronic resource] = |bComptes économiques provinciaux. Estimations annuelles ... tableaux et document analytique. |
| 246 | 11|aComptes économiques provinciaux. |pEstimations annuelles ... tableaux et document analytique |
| 260 | |aOttawa : |bStatistics Canada = Statistique Canada, |c1997-2001. |
| 310 | |aAnnual |
| 362 | 0 |a1996-2000. |
| 500 | |aSome issues digitized from print edition [produced by Statistics Canada]. |
| 520 | 3 |aProvides a regional perspective on Canadian economic developments. The focus is on each region's Gross Domestic Product, final domestic demand, personal disposable income and government sector accounts. |
| 546 | |aText in English and in French. |
| 692 | 07|2gccst|aEconomic conditions |
| 710 | 2 |aStatistics Canada. |
| 785 | 00|tProvincial economic accounts. |w(CaOODSP)9.500303 |
| 792 | |tProvincial economic accounts. |efre|w(CaOODSP)9.843174 |